000 00564nam a22002057a 4500
999 _c5357
_d5357
003 OSt
005 20200211100121.0
008 161017b xxu||||| |||| 00| 0 eng d
020 _a0521423597.
040 _cDDC.
082 _a548.83WOO 1997.
100 _aWoolfson,M.Micheal;
_911208
245 _aAn introduction to X-Ray Crystallography.
250 _a2nd.ed.
260 _aUK,
_bCambridge University Press.
_c1997.
300 _axii,402p;
_bill;
_c24cm.
504 _aReferences ,Bibliography and Index.
650 _aChemistry
_9797
942 _2ddc
_cO_SHELF